| 000 | 00537nam a2200193Ia 4500 | ||
|---|---|---|---|
| 001 | 10233 | ||
| 003 | GE_BSU | ||
| 008 | 181216s||||||||xx |||||||||||||| ||und|| | ||
| 040 | _cGE_BSU | ||
| 245 | _aНеврологический журнал, №2 том 19 2013. | ||
| 245 | _bJournal of Neorology. | ||
| 245 | _cгл. ред.Н.Н. ЯХНО и др. | ||
| 260 | _aМосква | ||
| 260 | _bМедицина | ||
| 260 | _c2014 | ||
| 300 | _a64стр.29см. | ||
| 653 | _aНеврологический журнал | ||
| 942 | _cCR | ||
| 999 |
_c43502 _d43502 |
||